Guess RDR Characters by Quotes. - Statistics

General Stats
  • This quiz has been taken 144 times
  • The average score is 10 of 32
Answer Stats
Quotes Name % Correct
"I Gave You All I Had" Arthur Morgan
93%
"Our Time Has Passed, ____" Dutch Van Der Linde
86%
"It's You, Or Me. And The Way I See It... It Might As Well Be You." John Marston
73%
"Enjoy your Fishing Kid" Edgar Ross
68%
"You don't build a barn DUMBASS" Uncle
68%
“Ya shot me… ya shot me pretty good…” Micah Bell
63%
"You're a wanted man, __ _______. Five thousand dollars for your head alone" Agent Milton
60%
“ah, you’re a real f*cking funny sh*t, ____ _____, huh? real f*cking funny.” Sean MacGuire
50%
"You are nothing. You do nothing. You mean nothing. You stand for nothing. Me? I run a city... and when the law catch up to you... you will die like nothing. I am this country. You... you... you are what people are running from." Angelo Bronte
46%
"“I always was a good thief.”" Abigail Marston
38%
"There is a good man within you ____, but he is wrestling with a giant." Mary Linton
35%
“I hardly know you” Charles Smith
34%
"He surely is big, though his intelligence is a matter of some conjecture. Some say he is as dumb as he looks. I'm not sure, I think he's not quite that dumb," Hosea Matthews
34%
“It means you've got a heart. A small one, perhaps, hidden deep inside, but a real one.“ Mary-Beth
27%
“If we have to fight, we fight. If we have to run, we'll run. If we must die, we'll die. But … we'll stay free." Javier Escuella
26%
"Before you ask, I am still yet to take a wife, but I assurer you it's not for lack of suiters" Simon Pearson
24%
"I'll miss y..." Tilly Jackson
20%
"Father, you are tired" Eagle Flies
19%
"Go away now ____, don't make me kill you" Bill Williamson
18%
"Has anyone seen _____?" Gavin's Friend
18%
"Yes, sometimes the correct path, the bravest path is the least obvious, and also the gentlest" Rains Fall
18%
"These horses look fresher, and healthy" Irish
10%
"Ain't this a beautiful spot?" The Strange Man
10%
"Go ahead! I got nothin' to live for, anyway!" Jack Marston
9%
"Living free out here, like this... I wouldn't have it any other way." Lenny Summers
7%
"This is America, where a lying, cheating degenerate like myself can prosper." Nigel West Dickens
7%
"I'm gonna cut you up, piece by piece, 'til you find your tongue!!" Seth
7%
"You're About To Have A Problem With Getting Punched In The Face!" Sadie Adler
6%
"I wish I was different" Swanson
6%
"I'm fine now __ ______ Thank You! Thank You! What the hell took you so long you stupid man?" Bonnie MacFarland
2%
"Something tells me _____ wasn't held as a baby." Karen
2%
“Who cares how the weather is, you look sh*t in all your clothes” Susan Grimshaw
1%
No matching quizzes found
Score Distribution
Percent of People with Each Score
Percentile by Number Answered
Your Score History
You have not taken this quiz